000 01339 a2200229 4500
001 45717
005 20260407155729.0
008 260407a2018 arg spa d
003 AR-UNSa-BCEJYS
040 _aAR-UNSa-BCEJYS
_bspa
_cAR-UNSa-BCEJYS
080 _a342.7:39
_xDerechos Humanos de los Pueblos Indígenas
245 1 0 _aLos pueblos indígenas en América (Abya Yala)
_pdesafíos para la igualdad en la diversidad
020 _a978-92-1-121974-6
264 1 _aSantiago de Chile :
_bCEPAL (Comisión Económica para América Latina y el Caribe)
_c2018
300 _a532 p.
_c22 cm.
505 _a1. Antecedentes sociopolítico de los derechos de los pueblos indígenas en América Latina – 2. Construcción de la demografía de los pueblos indígenas : la relevancia de contar – 3. Derechos territoriales y movilidad espacial de los pueblos indígenas en América Latina – 4. El derecho de los pueblos indígenas al bienestar – 5. El derecho de los pueblos indígenas a la información – 6. Desafíos para avanzar hacia la igualdad en la diversidad : hallazgos y recomendaciones de políticas.
041 _aspa
942 _cBK
590 _aniveau_biblio:m niveau_hierar:0
100 1 _aDel Popolo, Fabiana
856 4 1 _uhttps://www.biblioeco.unsa.edu.ar/pmb/images/libros/L127168.jpg
_yImagen de portada
_qimage/jpeg
999 _c3986
_d3986